<?xml version="1.0" encoding="UTF-8"?>
<record
    xmlns:xsi="http://www.w3.org/2001/XMLSchema-instance"
    xsi:schemaLocation="http://www.loc.gov/MARC21/slim http://www.loc.gov/standards/marcxml/schema/MARC21slim.xsd"
    xmlns="http://www.loc.gov/MARC21/slim">

  <leader>02985nam a2200253   4500</leader>
  <controlfield tag="003">vecauma</controlfield>
  <controlfield tag="005">20260323142250.0</controlfield>
  <controlfield tag="007">ta</controlfield>
  <controlfield tag="008">260323b        ve ||||| |||| 00| 0 spa d</controlfield>
  <datafield tag="020" ind1=" " ind2=" ">
    <subfield code="a">8480881585</subfield>
  </datafield>
  <datafield tag="040" ind1=" " ind2=" ">
    <subfield code="a">vecauma</subfield>
    <subfield code="b">spa</subfield>
    <subfield code="c">vecauma</subfield>
    <subfield code="d">vecauma</subfield>
    <subfield code="e">rda</subfield>
  </datafield>
  <datafield tag="041" ind1=" " ind2=" ">
    <subfield code="a">spa</subfield>
  </datafield>
  <datafield tag="100" ind1="1" ind2=" ">
    <subfield code="e">autor</subfield>
  </datafield>
  <datafield tag="245" ind1="1" ind2=" ">
    <subfield code="a">Como hablar bien en p&#xFA;blico </subfield>
    <subfield code="b">Comunicar, persuadir y convencer con palabras </subfield>
    <subfield code="c">/ Manuel Couto</subfield>
  </datafield>
  <datafield tag="264" ind1=" " ind2=" ">
    <subfield code="a">Espa&#xF1;a:</subfield>
    <subfield code="b">Ediciones Gesti&#xF3;n 2000, S.A.;</subfield>
    <subfield code="c">1996.</subfield>
  </datafield>
  <datafield tag="300" ind1=" " ind2=" ">
    <subfield code="a">153 p&#xE1;ginas.</subfield>
  </datafield>
  <datafield tag="336" ind1=" " ind2=" ">
    <subfield code="a">texto</subfield>
    <subfield code="b">txt</subfield>
    <subfield code="2">rdacontenido</subfield>
  </datafield>
  <datafield tag="337" ind1=" " ind2=" ">
    <subfield code="a">no mediado</subfield>
    <subfield code="b">n</subfield>
    <subfield code="2">rdamedio</subfield>
  </datafield>
  <datafield tag="338" ind1=" " ind2=" ">
    <subfield code="a">volumen</subfield>
    <subfield code="b">nc</subfield>
    <subfield code="2">rdasoporte</subfield>
  </datafield>
  <datafield tag="505" ind1="0" ind2=" ">
    <subfield code="a">La comunicaci&#xF3;n personal, hoy /
Ejercicio
Algo de psicolog&#xED;a /
Ejercicio
La comunicaci&#xF3;n global /
Ejercicio 
Motivaci&#xF3;n /
La sonrisa /
El s&#xED; /
La &#xFA;ltima llave /
Ejercicio
L expresi&#xF3;n corporal /
Ejercicio
El miedo y los nervios /
Normas b&#xE1;sicas protocolarias /
La comunicaci&#xF3;n oral /
Ejercicio 
Recursos estil&#xED;sticos /
Ejercicio 
La estructura del mensaje /
Ejercicio
Elementos f&#xED;sicos que intervienen en la comunicaci&#xF3;n /
Ejercicio 
Casos diferentes de comunicaci&#xF3;n verbal directa /
La comunicaci&#xF3;n verbal indirecta /
Ejercicio
&#xFA;ltimos consejos /
Resumen final /</subfield>
  </datafield>
  <datafield tag="520" ind1="3" ind2=" ">
    <subfield code="a">Manuel Couto Rodr&#xED;guez es creativo publicitario y profesor de teor&#xED;a de la imagen. Ha dado cursos y conferencias sobre creaci&#xF3;n visual y comunicaci&#xF3;n empresarial. Ha publicado numerosos art&#xED;culos y medios de comunicaci&#xF3;n. En la actualidad su labor profesional se centra en la creaci&#xF3;n, dise&#xF1;o publicitario y la asesor&#xED;a de imagen para empresas de &#xE1;mbito nacional e internacional.

Hablar bien en p&#xFA;blico es la mejor manera de lograr tanto el &#xE9;xito personal como profesional.
Dominar la palabra, la construcci&#xF3;n de frases persuasivas y el lenguaje corporal; conocer los aspectos positivos de su personalidad y mostrarlos a los dem&#xE1;s con naturalidad, har&#xE1;n de usted una persona admirada tanto por sus amigos y familiares como por sus jefes y clientes.
Esta obra le muestra, con un lenguaje sencillo y directo, todas las f&#xF3;rmulas e ideas para que pueda:
.Impartir clases como profesor
.Pronunciar una conferencia
.Participar de forma efectiva en reuniones profesionales
.Presentarse a una entrevista de trabajo
.Efectuar una presentaci&#xF3;n de venta
.Intervenir en un coloquio radiof&#xF3;nico o televisivo

...Y muchas otras situaciones en las que su palabra juegue un papel importante.
Adem&#xE1;s se proponen ejercicios pr&#xE1;cticos y amenos que le ayudar&#xE1;n a "tener soltura", autoconocerse y, por supuesto, a vencer los nervios y la timidez.
Si usted lee con detenimiento este libr&#xF3; y realiza de forma met&#xF3;dica cada ejercicio, al final los resultados ser&#xE1;n espectaculares.
C&#xF3;mo hablar bien en p&#xFA;blico es una de las mejores inversiones que usted puede realizar para alcanzar el &#xE9;xito en todos los aspectos de su vida.  </subfield>
  </datafield>
  <datafield tag="942" ind1=" " ind2="1">
    <subfield code="2">lcc</subfield>
    <subfield code="n">0</subfield>
    <subfield code="c">BK</subfield>
  </datafield>
  <datafield tag="999" ind1=" " ind2=" ">
    <subfield code="c">13294</subfield>
    <subfield code="d">13294</subfield>
  </datafield>
  <datafield tag="952" ind1=" " ind2=" ">
    <subfield code="0">0</subfield>
    <subfield code="1">0</subfield>
    <subfield code="2">lcc</subfield>
    <subfield code="4">0</subfield>
    <subfield code="7">0</subfield>
    <subfield code="8">CG</subfield>
    <subfield code="a">BUMA</subfield>
    <subfield code="b">BUMA</subfield>
    <subfield code="c">GEN</subfield>
    <subfield code="d">2026-03-23</subfield>
    <subfield code="i">48807</subfield>
    <subfield code="l">0</subfield>
    <subfield code="p">2026-0428</subfield>
    <subfield code="r">2026-03-23</subfield>
    <subfield code="w">2026-03-23</subfield>
    <subfield code="y">BK</subfield>
  </datafield>
</record>
